000
00257nam a2200097Ia 4500
082
_a
641.4 TIM
245
0
_a
PRESERVING
100
_a
Roake, Neil Auckland Park, South Africa, 2010
_9
50611
942
_c
BK
008
210817s9999 xx 000 0 und d
999
_c
220422
_d
220421